Networks, Crowds, and Markets: Reasoning About a Highly Connected World (Draft version) /

Gespeichert in:
Bibliographische Detailangaben
Hauptverfasser: Easley, David (Verfasst von), Kleinberg, Jon (Verfasst von)
Format: Buch
Sprache:Englisch
Veröffentlicht: 2010
Ausgabe:1. vyd. (Draft)
Tags: Tag hinzufügen
Keine Tags, Fügen Sie das erste Tag hinzu!

MARC

LEADER 00000nam a22000003a 4500
001 0076091
003 SK-STU
005 20190927164016.3
007 ta
008 190927s ----xo-----e------000-0-----d
020 |a 9780521195331 
040 |a STU  |b slo 
041 0 |a eng 
044 |a xxu 
100 1 |a Easley, David  |4 aut  |r Z6 
245 1 0 |a Networks, Crowds, and Markets:  |b Reasoning About a Highly Connected World (Draft version) /  |c aut. David Easley, Jon Kleinberg 
250 |a 1. vyd. (Draft) 
260 |c 2010 
300 |a 744 s. 
700 1 |a Kleinberg, Jon  |r Z6  |4 aut 
996 |c I*11WT13501  |l I  |s A  |a 24  |w 0076091_0001